Evaluación como ayuda al aprendizaje

Guardat en:
Dades bibliogràfiques
Autors principals: Ballester, Margarita (Autor), Batalloso, Juan Miguel (Autor), Calatayud, María Amparo (Autor), Córdoba, Inmaculada (Autor), Diego, Joan (Autor), Fons, Montserrat (Autor), Giner, Toni (Autor), Jorba, Jaume (Autor), Mir, Boris (Autor), Moreno, Isidro (Autor), Parcerisa Aran, Artur (Autor), Pigrau, Teresa (Autor), Pitaluga, Inmaculada (Autor), Pujol Maura, María Antonia (Autor), Quinquer, Dolors (Autor), Quintana, Hilda E (Autor), Sanmartí, Neus (Autor), Sbert, Cati (Autor), Sbert, Maite (Autor), Weissman, Hilda (Autor)
Altres autors: Otero, Luis (autor)
Format: Llibre
Idioma:espanyol
Publicat: Barcelona Graó 2004
Edició:1a. ed
Col·lecció:Claves para la Innovación Educativa, 4
Matèries:
Etiquetes: Afegir etiqueta
Sense etiquetes, Sigues el primer a etiquetar aquest registre!

MARC

LEADER 00000cam a2200000 a 4500
001 UCC4819
003 CL-VaPUC
008 180831e20040000sp |||||||||||||||||spa|d
020 |a 9788478272341 
082 0 4 |a 371.26  |b BAL  |2 21 
100 0 |a Ballester, Margarita  |e author  |9 598993 
700 0 |a Batalloso, Juan Miguel  |e author  |9 598994 
700 0 |a Calatayud, María Amparo  |e author  |9 598995 
700 0 |a Córdoba, Inmaculada  |e author  |9 598996 
700 0 |a Diego, Joan  |e author  |9 598997 
700 0 |a Fons, Montserrat  |e author  |9 598998 
700 0 |a Giner, Toni  |e author  |9 598999 
700 |a Jorba, Jaume  |e author  |9 602505 
700 0 |a Mir, Boris  |e author  |9 599001 
700 0 |a Moreno, Isidro  |e author  |9 599002 
700 |a Otero, Luis  |e autor  |9 602508 
700 |a Parcerisa Aran, Artur  |e author  |9 594108 
700 0 |a Pigrau, Teresa  |e author  |9 599005 
700 0 |a Pitaluga, Inmaculada  |e author  |9 599006 
700 0 |a Pujol Maura, María Antonia  |e author  |9 599007 
700 0 |a Quinquer, Dolors  |e author  |9 599008 
700 0 |a Quintana, Hilda E  |e author  |9 599009 
700 0 |a Sanmartí, Neus  |e author  |9 599010 
700 0 |a Sbert, Cati  |e author  |9 599011 
700 0 |a Sbert, Maite  |e author  |9 599012 
700 0 |a Weissman, Hilda  |e author  |9 599013 
245 1 0 |a Evaluación como ayuda al aprendizaje 
250 |a 1a. ed 
300 |a 174 p 
942 |c BK 
945 |d 20180831 12:04:00  |a dcastane 
260 |a Barcelona  |b Graó  |c 2004 
650 0 |a Evaluación de la educación   |9 237505 
650 0 |a Calidad de la educación   |9 307271 
650 0 |a Métodos de enseñanza  |9 270413 
650 0 |a Aprendizaje   |9 254827 
650 0 |a Psicología educacional   |9 307830 
583 |a last modification  |c 20180831 12:04:00  |k Rodrigo Vera 
490 0 |a Claves para la Innovación Educativa, 4 
999 |c 372205  |d 372203